| 000 | 01745nam0a2200361 i 4500 | ||
|---|---|---|---|
| 001 | RU\NLR\bibl\1907485 | ||
| 005 | 20260406003241.0 | ||
| 010 |
_a9785855466669 _9300 |
||
| 021 |
_aRU _b2012-34396 _92556 |
||
| 035 | _a(NLR Aleph) 001897046 | ||
| 090 |
_a2997453 _c2997453 |
||
| 100 | _a20120528d2012 k y0rusy50 ca | ||
| 101 | 0 | _arus | |
| 102 | _aRU | ||
| 105 | _aa ||||||||| | ||
| 200 | 1 |
_aПодводные средства движения. История. Конструкции. Методы проектирования _fК.А. Афанасьев, М.Н. Охочинский, С.А. Чириков _gМ-во образования и науки Рос. Федерации, Балт. гос. техн. ун-т "Военмех" |
|
| 210 |
_aСанкт-Петербург _cБГТУ _d2012 |
||
| 215 |
_a204 с. _cил. _d22 |
||
| 225 | 1 |
_aБиблиотека журнала "Военмех. Вестник БГТУ" _vN° 4 |
|
| 320 | _aБиблиогр.: с. 199-202 (67 назв.) | ||
| 606 | 1 |
_aПодводные средства доставки _xИстория _92274985 _3RU\NLR\auth\661363381 |
|
| 606 |
_aПодводные аппараты _91755247 _3RU\NLR\auth\66786709 |
||
| 686 | _aЦ661.11г | ||
| 686 | _aО427.5г | ||
| 700 | 1 |
_4070 _8rus _7ca _aАфанасьев _bК. А. _cспециалист по подвод. технике _gКирилл Александрович _3RU\NLR\auth\77112787 _995712 |
|
| 701 | 1 |
_aОхочинский _bМ. Н. _gМихаил Никитич _4070 |
|
| 701 | 1 |
_aЧириков _bС. А. _gСергей Алексеевич _4070 |
|
| 801 | 0 |
_aRU _bNLR _c20120528 _gRCR |
|
| 801 | 1 |
_aRU _bNLR _c20120528 |
|
| 830 | _aавт. по кн. | ||
| 942 | _cBOOK | ||
| 980 | _aNBR | ||